The Anthropology of Language: An Introduction to Linguistic Anthropology : (Record no. 611503)

MARC details
000 -LEADER
fixed length control field 00561nam a2200193 a 4500
008 - FIXED-LENGTH DATA ELEMENTS--GENERAL INFORMATION
fixed length control field 260210s2008##################000#0#eng##
020 ## - INTERNATIONAL STANDARD BOOK NUMBER
ISBN 9780495508847
082 04 - DEWEY DECIMAL CLASSIFICATION NUMBER
Classification number 306.44
Item number OTT
100 1# - MAIN ENTRY--AUTHOR NAME
Personal name Ottenheimer, Harriet Joseph,
245 10 - TITLE STATEMENT
Title The Anthropology of Language: An Introduction to Linguistic Anthropology :
260 ## - PUBLICATION, DISTRIBUTION, ETC. (IMPRINT)
Name of publisher Cengage Learning,
Year of publication 2008.
300 ## - PHYSICAL DESCRIPTION
Number of Pages 400 pages
650 #0 - SUBJECT ADDED ENTRY--TOPICAL TERM
Topical Term Social Science.
942 ## - ADDED ENTRY ELEMENTS (KOHA)
Koha item type English Books

No items available.

Find us on the map